| 000 | 00659nam a2200217 4500 | ||
|---|---|---|---|
| 001 | 126203 | ||
| 003 | ES-MaACL | ||
| 005 | 20230906192756.0 | ||
| 007 | t| | ||
| 008 | 070214s1963 sp r ||||1| spa d | ||
| 100 | 1 |
_aRebikoff, Dimitri. _995698 |
|
| 245 | 1 | 3 |
_aLa aviación submarina / _cDimitri Rebikoff ; traducción y prólogo de Antonio Ribera. |
| 250 | _a1ª. ed. | ||
| 260 |
_aBarcelona : _bVicens-Vives, _c1963. |
||
| 300 |
_a282 p., 8 lám. : _bil. ; _c21 cm. |
||
| 490 | 1 | _aCiencia y aventura | |
| 700 | 1 |
_aRibera, Antonio. _996769 |
|
| 830 | 0 |
_aCiencia y aventura _9186669 |
|
| 852 |
_aES-MaACL _jG-777 _bR.58131 |
||
| 999 |
_c126203 _d126203 |
||